000 00465nam a2200145 a 4500
005 20140412111414.0
008 070702s19uu xx 00 eng d
020 _a0-382-32536-2
050 _aTR(GS 372.83
_bW11 1995
245 _aKindergarten Place: Teacher resource guide.
260 _aNew Jersy :
_bSilver Burdett Ginn,
_c1995.
300 _a191
500 _aincludes a walk through my community, My family your family, How big is my world
999 _c105771
_d105771